Apuntes del seminario de preparación física en el baloncesto

Guardat en:
Dades bibliogràfiques
Format: Llibre
Idioma:espanyol
Publicat: Madrid Asociación Española de Entrenadores de Baloncesto 1990
Matèries:
Etiquetes: Afegir etiqueta
Sense etiquetes, Sigues el primer a etiquetar aquest registre!

MARC

LEADER 00000nam a2200000 a 4500
001 UCW6760
003 CL-VaPUC
005 20220315074409.0
008 920507e19900000sp 1 spa d
082 0 4 |a 796.323  |b APU  |2 21 
245 1 0 |a Apuntes del seminario de preparación física en el baloncesto 
260 |a Madrid  |b Asociación Española de Entrenadores de Baloncesto  |c 1990 
300 |a 128 h 
583 |a last modification  |c 19920507 00:00:00  |k Rodrigo Vera 
650 0 7 |a BASQUETBOL  |2 CL-VaPUC  |9 616759 
650 0 0 |a Congresos  |9 257560 
942 |c BK 
945 |d 19920507 00:00:00 
546 |a En Español 
536 |a AthletiCare 
518 |p Seminario de Preparación Física en el Baloncesto, Toledo, 26 al 28 de Diciembre 
999 |c 382101  |d 382099